LEADER 01419nam a2200265 i 4500 001 000000192411 003 CaOOAMICUS 005 20150804000000.0 008 150804s1927 it u000 u ita u 013 $a170990 040 $aSeMil$bita 245 12$aI drammi de' boschi e delle marine, ossiano l'Aminta di Torquato Tasso, il Pastor Fido di Battista Guarini, la Filli di Sciro di Guidubaldo Bonarelli, l'Alceo di Antonio Ongaro ; aggiuntevi le notizie degli autori /$ca cura di Eugenio Camerini. 260 $aMilano :$bSonzogno,$cstampa 1927. 300 $a429 p. ;$c17 cm. 490 0 $aBiblioteca classica economica ;$v13 500 $aFondo card. Giovanni Colombo. 650 4$aPoesia italiana - Sec. 16.$0(OLS)http://semarc/subject/5667 700 1 $aCamerini, Eugenio,$d<1811-1875>.$0(OLS)http://semarc/name/60688 830 0$aBiblioteca classica economica ;$v13.$0(OLS)http://semarc/title/8379 850 $aSeMil 852 $aSeMil$W1$xVenegono$y1$m3GC II 314$j142986$B142986$CSeMilBibl$Z2$F154360 $8B 941 1 $a3 961 $aLascito: Colombo Card. Giovanni 996 $6245$aI drammi de' boschi e delle marine, ossiano l'Aminta di Torquato Tasso, il Pastor Fido di Battista Guarini, la Filli di Sciro di Guidubaldo Bonarelli, l'Alceo di Antonio Ongaro ; aggiuntevi le notizie degli autori$9(OLS)http://semarc/title/277319 996 $6260$aMilano :$bSonzogno$9(OLS)http://semarc/publisher/31743 LEADER 01272nam a2200241 i 4500 001 000000199028 003 CaOOAMICUS 005 20110315000000.0 008 110315n it u000 u ita u 013 $a177718 040 $aSeMil$bita 245 10$aStoria ed arte, nella Chiesa di S. Maria Assunta in Paderno d'Adda :$bomaggio a don Giovanni Bianchi nel 50° di Ordinazione sacerdotale 1932-21 maggio-1982 /$cA cura di don Mario Colombini ; con la collaborazione del dott. Gian Battista Maderna ... [et al.]. 260 $a[S.l. :$bs.n.],$c[1982] 300 $a31 p. :$bill. ;$c30 cm. 500 $aTitolo e responsabilità da copertina. 650 4$aPaderno d'Adda - S. Maria Assunta.$0(OLS)http://semarc/subject/37401 700 1 $aMaderna, Gian Battista.$0(OLS)http://semarc/name/72042 700 1 $aColombini, Mario.$0(OLS)http://semarc/name/72041 850 $aSeMil 852 $aSeMil$W1$xVenegono$y1$m5D X 15/4$j149581$B149581$CSeMilBibl$Z2$F160968 $81 961 $aOmaggio: Altro 996 $6245$aStoria ed arte, nella Chiesa di S. Maria Assunta in Paderno d'Adda :$bomaggio a don Giovanni Bianchi nel 50° di Ordinazione sacerdotale 1932-21 maggio-1982$9(OLS)http://semarc/title/287742 996 $6260$a[S.l. :$bs.n.]$9(OLS)http://semarc/publisher/29751